Circuits et arènes de Mario Kart 8 Deluxe/Switch (noms exacts) - Statistiques

Statistiques générales
  • Ce quiz a été pris 20 fois
  • Le résultat moyen est 42 sur 104
Statistiques - réponses
Hint Réponse % Correct
Coupe Fleur Circuit Mario
80%
Route Arc-en-Ciel
80%
Château de Bowser
73%
Coupe Champignon Champidrome
67%
Manoir Trempé
67%
Promenade Toad
67%
Coupe Étoile Aéroport Azur
60%
Animal Crossing
60%
Cascades Maskass
60%
Club Mario
60%
Descente Givrée
60%
Désert Toussec
60%
Lagon Tourbillon
60%
Parc Glougloop
60%
Passage Feuillage
60%
Piste aux Délices
60%
Temple Thwomp
60%
Coupe Spéciale Voie Céleste
60%
3DS Forêt Tropicale DK
53%
3DS Piste Musicale
53%
Big Blue
53%
DS Plage Cheep Cheep
53%
GBA Circuit Mario
53%
GBA Pays Fromage
53%
Coupe Œuf GCN Circuit Yoshi
53%
Coupe Banane GCN Désert Sec Sec
53%
GCN Royaume Sorbet
53%
Mute City
53%
SNES Plaine Donut 3
53%
Coupe Carapace Wii Prairie Meuh Meuh
53%
3DS Égout Piranha
47%
Arène d'Excitebike
47%
Circuit d'Hyrule
47%
Dojo Ninja
47%
Coupe Éclair DS Horloge Tic Tac
47%
Coupe Feuille DS Stade Wario
47%
GBA Route Ruban
47%
Coupe Crossing GCN Parc Baby
47%
Métro Turbo
47%
N64 Autodrome Royal
47%
N64 Autoroute Toad
47%
N64 Vallée Yoshi
47%
Route du Dragon
47%
SNES Route Arc-en-ciel
47%
Coupe Triforce Wii Mine Wario
47%
Wii Volcan Grondant
47%
N64 Route Arc-en-ciel
40%
Station Glagla
40%
Wii Pic DK
40%
Wii Supermarché Coco
40%
Coupe Clochette 3DS Koopapolis
33%
3DS Route Arc-en-Ciel
33%
DS Corniche Champignon
33%
DS Flipper Waluigi
33%
GBA Jardin Volant
33%
GBA Lac Boo
33%
SNES Circuit Mario 3
33%
Coupe Lune Tour Balade berlinoise
33%
Coupe Boomerang Tour Bousculade à Bangkok
33%
Coupe Pierre Tour Détour à Londres
33%
Tour Poursuite à Singapour
33%
(Extenstion)Coupe Turbo Doré Tour Promenade à Paris
33%
Coupe Hélico Tour Sprint à Sydney
33%
Coupe Maneki-Neko Tour Traversée de Tokyo
33%
Wii Route Arc-en-ciel
33%
3DS Circuit Toad
27%
3DS Mont Éboulis
27%
3DS Wuhuville
27%
Cité Sorbet
27%
DS Circuit Mario
27%
DS Jardin Peach
27%
GBA Pays Crépuscule
27%
GBA Pays Neigeux
27%
GBA Riverside Parc
27%
GCN Manoir de Luigi
27%
GCN Paquebot Daisy
27%
GCN Stade Waluigi
27%
Île aux Délices
27%
Île de Yoshi
27%
Mont Festif
27%
Palais du Dragon
27%
Passage Turbot
27%
SNES Arène Bataille 1
27%
SNES Château de Bowser 3
27%
Arènes Stade Bousculade
27%
Coupe Navet Tour Escapade new-yorkaise
27%
Coupe à Épines Tour Méandres madrilènes
27%
Tour Virages à Vancouver
27%
Coupe Fruit Tour Virée à Amsterdam
27%
Wii Bois Vermeil
27%
Wii Circuit Daisy
27%
Wii Gorge Champignon
27%
Wii Route Clair de Lune
27%
3DS Monde glacé d'Harmonie
20%
Colonie Lunaire
20%
Course à la propreté
20%
GCN Montagne DK
20%
N64 Désert Kalimari
20%
N64 Montagne Choco
20%
Ruines Plante Piranha
20%
Coupe Plume Tour Athènes Antique
20%
Coupe Gland Tour Roma romantica
20%
Wii Cap Koopa
20%
Coupe Cerises Road-trip à Los Angeles
13%
Aucun quiz correspondant
Distribution des résultats
% des personnes avec chaque résultat
Percentile par nombre de réponses
Votre historique - résultats
Vous n’avez pas pris ce quiz